[Event "Wch U12 Girls"]
[Site "Batumi"]
[Date "2022.09.25"]
[Round "9"]
[White "Deysel, Hannah"]
[Black "Gikandi, Bernice Wambui"]
[Result "1-0"]
[WhiteElo "1036"]
[BlackElo "1229"]
[PlyCount "45"]
[EventDate "2022.09.16"]
[EventType "swiss"]
[EventRounds "11"]
[EventCountry "GEO"]
[SourceTitle "EXT 2023"]
[Source "ChessBase"]
[SourceDate "2022.10.05"]
[SourceVersion "1"]
[SourceVersionDate "2022.10.05"]
[SourceQuality "1"]

1. e4 c5 2. Nf3 Nc6 3. d4 cxd4 4. Nxd4 e6 5. Nc3 Qc7 6. Be3 a6 7. Qf3 Nf6 8. 0-0-0 b5 9. Nxc6 dxc6 10. a3 a5 11. Kb1 b4 12. Na4 Be7 13. Nb6 Rb8 14. Nc4 Nd7 15. Be2 bxa3 16. Bd4 e5 17. Bc3 axb2 18. Nxa5 Bb4 19. Bxb4 Rxb4 20. Qa3 Rxe4 21. Bf3 Rf4 22. Nxc6 e4 23. Qe7# 1-0